[Event "XII Open A"]
[Site "Bergamo ITA"]
[Date "2013.07.19"]
[Round "2"]
[White "Bellavita, Guido"]
[Black "Farago, Ivan"]
[WhiteElo "2031"]
[BlackElo "2447"]
[Result "0-1"]
[PlyCount "68"]
[EventDate "2013.07.19"]

1. d4 Nf6 2. Nf3 e6 3. e3 b6 4. Bd3 Bb7 5. Nbd2 c5 6. O-O Be7 7. b3 O-O 8. Bb2
Nc6 9. a3 Rc8 10. Qe2 Rc7 11. Rad1 cxd4 12. exd4 Nd5 13. g3 f5 14. Ne5 Nxe5 15.
dxe5 Nc3 16. Bxc3 Rxc3 17. Nb1 Rc7 18. c4 Qa8 19. f3 Bc5+ 20. Kg2 g5 21. h3 h5
22. Kh2 g4 23. fxg4 hxg4 24. Nd2 Bxa3 25. Rf4 Rf7 26. Ne4 Be7 27. Rdf1 Qf8 28.
Nf6+ Bxf6 29. exf6 Qh6 30. h4 Rc8 31. Bxf5 exf5 32. Rxf5 Bf3 33. R1xf3 gxf3 34.
Qxf3 Rc5 0-1

[Event "XII Open A"]
[Site "Bergamo ITA"]
[Date "2013.07.19"]
[Round "2"]
[White "Bonassi, Tommaso"]
[Black "Campini, Marco"]
[WhiteElo "1944"]
[BlackElo "2072"]
[Result "0-1"]
[PlyCount "94"]
[EventDate "2013.07.19"]

1. e4 c5 2. Nf3 d6 3. d4 cxd4 4. Nxd4 Nf6 5. Nc3 a6 6. Be2 e6 7. O-O Qc7 8. a4
b6 9. f4 Bb7 10. Bf3 Nbd7 11. Kh1 Be7 12. Nb3 O-O 13. Qe1 Ne8 14. g4 Rc8 15.
Qg3 Bf6 16. Bd2 g5 17. fxg5 Bg7 18. Bg2 Ne5 19. Ne2 Qxc2 20. Rac1 Qxb2 21. Rxc8
Bxc8 22. Nf4 Nc4 23. Bc1 Qe5 24. Qf2 Bb7 25. Qe2 b5 26. axb5 axb5 27. Nh5 Bh8
28. Nd2 Qc3 29. Nxc4 bxc4 30. Nf6+ Bxf6 31. gxf6 Kh8 32. g5 Nc7 33. Bb2 Qb3 34.
Rf3 c3 35. Rxc3 Ba6 36. Qd2 Qb6 37. Rh3 e5 38. Bf3 Qb5 39. Qf2 Ne6 40. Rg3 Nf4
41. Bc3 Rc8 42. Bd2 Rc2 43. Rg1 Qd3 44. g6 Nxg6 45. Rxg6 hxg6 46. Be2 Qxe2 47.
Qh4+ Qh5 0-1

[Event "XII Open A"]
[Site "Bergamo ITA"]
[Date "2013.07.19"]
[Round "2"]
[White "Caprio, Guido"]
[Black "Kupresakovic, Marko"]
[WhiteElo "2415"]
[BlackElo "1926"]
[Result "1-0"]
[PlyCount "39"]
[EventDate "2013.07.19"]

1. d4 Nf6 2. c4 e6 3. Nc3 d5 4. cxd5 Nxd5 5. e4 Nxc3 6. bxc3 Be7 7. Nf3 O-O 8.
Bc4 b6 9. Qe2 Bb7 10. O-O Nc6 11. Bd3 Re8 12. Bf4 Bd6 13. e5 Bf8 14. Bxh7+ Kxh7
15. Ng5+ Kg6 16. Qd3+ f5 17. Qh3 Qxg5 18. Bxg5 Kxg5 19. Qh7 Ne7 20. f4+ 1-0

[Event "XII Open A"]
[Site "Bergamo ITA"]
[Date "2013.07.19"]
[Round "2"]
[White "Castrogiovanni, Carlo"]
[Black "Pienabarca, Nicola"]
[WhiteElo "2014"]
[BlackElo "2115"]
[Result "0-1"]
[PlyCount "86"]
[EventDate "2013.07.19"]

1. d4 Nf6 2. Nf3 g6 3. b3 Bg7 4. Bb2 O-O 5. e3 b6 6. Bd3 Bb7 7. Nbd2 d5 8. Ne5
Nfd7 9. Nef3 c5 10. O-O Nc6 11. c4 cxd4 12. exd4 e5 13. cxd5 Nxd4 14. Bc4 Nc5
15. Nxd4 exd4 16. b4 Na6 17. Qb3 Nc7 18. b5 Bxd5 19. Rad1 Bxc4 20. Qxc4 Qd7 21.
a4 Ne6 22. Nf3 Rac8 23. Qb4 Rfd8 24. Rd2 Qd6 25. Qb3 Qd5 26. Qa3 d3 27. Bxg7
Kxg7 28. Rfd1 Nf4 29. Qb2+ f6 30. Ne1 Rc4 31. f3 Qd4+ 32. Qxd4 Rdxd4 33. Ra1
Ne2+ 34. Kf2 Nc3 35. a5 Nxb5 36. axb6 axb6 37. Rb1 Na7 38. Rxb6 Nc6 39. Rb7+
Kh6 40. Rd1 d2 41. Nc2 Rd3 42. Rbb1 Rcc3 43. Na1 Ne5 0-1

[Event "XII Open A"]
[Site "Bergamo ITA"]
[Date "2013.07.19"]
[Round "2"]
[White "Cattaneo, Marco"]
[Black "Maurer, Jochen"]
[WhiteElo "2079"]
[BlackElo "2293"]
[Result "1-0"]
[PlyCount "65"]
[EventDate "2013.07.19"]

1. d4 Nf6 2. Nf3 g6 3. c4 Bg7 4. Nc3 d6 5. e4 O-O 6. h3 Na6 7. Bg5 Qe8 8. Be2
e5 9. d5 Nc5 10. Nd2 a5 11. g4 c6 12. h4 Bd7 13. Be3 cxd5 14. cxd5 b5 15. g5
Nh5 16. Bxc5 dxc5 17. Bxh5 gxh5 18. Qxh5 c4 19. Nd1 Qe7 20. Ne3 f5 21. Rg1 fxe4
22. g6 h6 23. Ng4 Bxg4 24. Rxg4 Rf4 25. Nxe4 Qb4+ 26. Kf1 Qxb2 27. Rd1 Raf8 28.
Rxf4 exf4 29. d6 f3 30. Qd5+ Kh8 31. d7 Rd8 32. Nd6 Bf6 33. Nf7+ 1-0

[Event "XII Open A"]
[Site "Bergamo ITA"]
[Date "2013.07.19"]
[Round "2"]
[White "Chiaretti, Roberto"]
[Black "Messina, Roberta"]
[WhiteElo "2212"]
[BlackElo "2089"]
[Result "1-0"]
[PlyCount "88"]
[EventDate "2013.07.19"]

1. e4 c5 2. Nf3 d6 3. d4 cxd4 4. Nxd4 Nf6 5. Nc3 a6 6. h3 e6 7. g4 Qc7 8. Bg2
Nc6 9. O-O Be7 10. g5 Nd7 11. Kh1 Nb6 12. f4 Nxd4 13. Qxd4 e5 14. Qf2 exf4 15.
Bxf4 O-O 16. Rad1 Be6 17. Qg3 Nc4 18. Nd5 Bxd5 19. Rxd5 Nxb2 20. e5 dxe5 21.
Bxe5 Qxc2 22. Qb3 Qxb3 23. axb3 Bxg5 24. Bxb2 h6 25. Rd7 Rad8 26. Rxb7 Rd2 27.
Bc1 Rd3 28. Bxg5 hxg5 29. Re1 Rc8 30. Bf1 Rf3 31. Bc4 Rc6 32. Kg2 Rcf6 33. Re2
a5 34. Ra7 g6 35. Rxa5 g4 36. hxg4 R3f4 37. Kg3 Rf3+ 38. Kh4 Kg7 39. Re7 Rd6
40. Rc7 Rd4 41. Raa7 Rdf4 42. Kg5 Kg8 43. Rxf7 Rxf7 44. Rxf7 Rxf7 1-0

[Event "XII Open A"]
[Site "Bergamo ITA"]
[Date "2013.07.19"]
[Round "2"]
[White "De Palma, Fabrizio"]
[Black "Rota, Simone"]
[WhiteElo "2136"]
[BlackElo "2037"]
[Result "0-1"]
[PlyCount "80"]
[EventDate "2013.07.19"]

1. c4 Nf6 2. Nf3 e6 3. g3 b6 4. d4 Bb7 5. Bg2 Bb4+ 6. Bd2 Bxd2+ 7. Nbxd2 O-O 8.
Qc2 c5 9. dxc5 bxc5 10. O-O Qc7 11. Rfd1 Nc6 12. a3 Rab8 13. e3 Ba8 14. Rab1
Rb6 15. Ng5 h6 16. Nge4 Nxe4 17. Nxe4 Ne5 18. Qe2 f5 19. Nc3 Bxg2 20. Kxg2 a6
21. f3 Rb3 22. Rd2 Rfb8 23. Re1 Qb7 24. Nd1 a5 25. Rf1 Qa6 26. f4 Nxc4 27. Rc2
d5 28. Rf2 Qb7 29. Kg1 Qb6 30. Rg2 Nd6 31. g4 fxg4 32. Qxg4 Nf5 33. Nc3 Qd8 34.
Na4 Rxe3 35. Nxc5 Qd6 36. Rgd2 Rf8 37. b4 Rxa3 38. bxa5 Rxa5 39. Ne4 Qb6+ 40.
Nf2 Ra1+ 0-1

[Event "XII Open A"]
[Site "Bergamo ITA"]
[Date "2013.07.19"]
[Round "2"]
[White "Foo, William J."]
[Black "Ganci, Stefano"]
[WhiteElo "2090"]
[BlackElo "1947"]
[Result "1-0"]
[PlyCount "69"]
[EventDate "2013.07.19"]

1. e4 b6 2. d4 Bb7 3. Bd3 Nf6 4. Qe2 Nc6 5. c3 e5 6. Nf3 d6 7. Nbd2 Nd7 8. Nf1
Ne7 9. Bc4 h6 10. Bb3 Nc6 11. Ne3 Na5 12. Bc2 g6 13. h4 Bg7 14. d5 Bc8 15. Bd2
Nb7 16. g3 Nf6 17. Nh2 Bd7 18. g4 Qc8 19. f3 h5 20. g5 Ng8 21. Nhf1 Ne7 22. Ng2
O-O 23. Nfe3 Qe8 24. O-O-O a5 25. f4 exf4 26. Nxf4 a4 27. Rhg1 Nc5 28. Rdf1 Rb8
29. Nxh5 gxh5 30. Qxh5 Ng6 31. e5 dxe5 32. Rxf7 e4 33. Rxg7+ Kxg7 34. Qh6+ Kf7
35. Qh7# 1-0

[Event "XII Open A"]
[Site "Bergamo ITA"]
[Date "2013.07.19"]
[Round "2"]
[White "Godena, Michele"]
[Black "Montilli, Vincenzo"]
[WhiteElo "2524"]
[BlackElo "2015"]
[Result "1/2-1/2"]
[PlyCount "101"]
[EventDate "2013.07.19"]

1. e4 c5 2. c3 d5 3. exd5 Qxd5 4. d4 Nf6 5. Nf3 Nc6 6. Be2 e6 7. O-O cxd4 8.
cxd4 Be7 9. Nc3 Qd6 10. Nb5 Qd8 11. Bf4 Nd5 12. Bg3 a6 13. Nc3 O-O 14. Rc1 Qa5
15. Qb3 Rd8 16. Rfd1 Qb4 17. Qc2 Bf6 18. a3 Qa5 19. Ne4 Be7 20. Bc4 Nf6 21. Nc3
b5 22. d5 bxc4 23. dxc6 Rxd1+ 24. Rxd1 Qb6 25. Nd4 Nh5 26. Na4 Qa7 27. Qxc4
Nxg3 28. hxg3 e5 29. Nf3 Be6 30. Qe4 f6 31. b4 Rc8 32. Nc3 Bf8 33. Nd4 Qf7 34.
Nxe6 Qxe6 35. g4 Qxc6 36. Nd5 Qc2 37. Rd3 Qc1+ 38. Kh2 Qh6+ 39. Rh3 Qg6 40.
Qxg6 hxg6 41. Rc3 Rxc3 42. Nxc3 Kf7 43. b5 axb5 44. Nxb5 Ke6 45. Kg3 Kd7 46.
Kf3 Kc6 47. a4 f5 48. Nc3 Bb4 49. Ne2 Kd5 50. Ng3 e4+ 51. Ke2 1/2-1/2

[Event "XII Open A"]
[Site "Bergamo ITA"]
[Date "2013.07.19"]
[Round "2"]
[White "Granaldi, Alessandro"]
[Black "Elitropi, Giorgio"]
[WhiteElo "2114"]
[BlackElo "2005"]
[Result "1-0"]
[PlyCount "79"]
[EventDate "2013.07.19"]

1. d4 g6 2. e4 Bg7 3. Nc3 c5 4. Nge2 cxd4 5. Nxd4 Nc6 6. Be3 Nf6 7. Be2 O-O 8.
O-O d5 9. Nxc6 bxc6 10. e5 Nd7 11. f4 e6 12. Na4 Qa5 13. c3 f6 14. b4 Qd8 15.
Nc5 Nxc5 16. Bxc5 Rf7 17. Qd4 Qc7 18. Bd6 Qb6 19. a4 Bf8 20. Bxf8 Rxf8 21. a5
Qxd4+ 22. cxd4 fxe5 23. dxe5 Rb8 24. Rab1 Bd7 25. g3 Kg7 26. h4 h6 27. Kf2 Kf7
28. Ke3 Ke7 29. Bd3 Rg8 30. g4 h5 31. Rg1 Kf7 32. Kd4 Ke7 33. Kc5 Rbf8 34. Rbf1
Rb8 35. gxh5 gxh5 36. Rg5 Rgf8 37. Rxh5 Rh8 38. Rxh8 Rxh8 39. Rg1 Rxh4 40. Rg7+
1-0

[Event "XII Open A"]
[Site "Bergamo ITA"]
[Date "2013.07.19"]
[Round "2"]
[White "Guerra, Alessandro"]
[Black "Brunello, Sabino"]
[WhiteElo "2212"]
[BlackElo "2593"]
[Result "0-1"]
[PlyCount "88"]
[EventDate "2013.07.19"]

1. d4 Nf6 2. Nf3 e6 3. e3 c5 4. Bd3 d5 5. b3 cxd4 6. exd4 Bb4+ 7. c3 Bd6 8. O-O
Nc6 9. Re1 O-O 10. Nbd2 b6 11. Bb2 Bb7 12. Qe2 Rc8 13. Rad1 Rc7 14. Ne5 Ne7 15.
Nf1 Ng6 16. Nxg6 hxg6 17. Nd2 Qe7 18. Nf3 Rfc8 19. Ne5 Ne4 20. Bxe4 dxe4 21.
Qe3 b5 22. Re2 f6 23. Nxg6 Qf7 24. Qh3 Bxh2+ 25. Kxh2 Qxg6 26. Qxe6+ Rf7 27.
Kg1 Qh5 28. Rdd2 g5 29. d5 Kg7 30. Re3 Rd8 31. c4 Bc8 32. Qxe4 Rh8 33. Kf1 bxc4
34. bxc4 Qh1+ 35. Ke2 Rh4 36. Qe8 Bg4+ 37. Kd3 Qf1+ 38. Kc3 Bd7 39. Qe4 Rxe4
40. Rxe4 Qxg2 41. Re3 Qf1 42. Kd4 Bc8 43. Rb3 Ba6 44. Rb4 Rc7 0-1

[Event "XII Open A"]
[Site "Bergamo ITA"]
[Date "2013.07.19"]
[Round "2"]
[White "Hera, Imre jr"]
[Black "Negro, Roberto"]
[WhiteElo "2558"]
[BlackElo "2185"]
[Result "1-0"]
[PlyCount "73"]
[EventDate "2013.07.19"]

1. d4 Nf6 2. c4 e6 3. Nf3 b6 4. g3 Bb7 5. Bg2 Be7 6. O-O O-O 7. Re1 Ne4 8. Nfd2
d5 9. cxd5 exd5 10. Nc3 f5 11. Qb3 Kh8 12. Ndxe4 fxe4 13. f3 Bf6 14. Be3 exf3
15. exf3 c6 16. Ne2 Na6 17. Nf4 Nc7 18. Bf2 Re8 19. Nd3 Nb5 20. Ne5 Nd6 21. f4
Qc7 22. Rac1 Bxe5 23. dxe5 Nc4 24. Qc3 c5 25. b3 Na5 26. b4 Nc4 27. bxc5 bxc5
28. e6 Rad8 29. f5 Ba6 30. f6 d4 31. fxg7+ Qxg7 32. Qd3 Qf6 33. Rxc4 Rxe6 34.
Rf1 Qe7 35. Qb3 Bxc4 36. Qxc4 Rf8 37. Bxd4+ 1-0

[Event "XII Open A"]
[Site "Bergamo ITA"]
[Date "2013.07.19"]
[Round "2"]
[White "Migliorini, Matteo"]
[Black "Ficco, Corrado"]
[WhiteElo "2006"]
[BlackElo "2092"]
[Result "1-0"]
[PlyCount "37"]
[EventDate "2013.07.19"]

1. e4 e6 2. Nf3 g6 3. d4 d6 4. Be3 Bg7 5. Nc3 a6 6. Qd2 Ne7 7. Bh6 O-O 8. h4 f6
9. Bxg7 Kxg7 10. O-O-O b5 11. Bd3 c5 12. h5 Rh8 13. dxc5 dxc5 14. e5 Nd7 15.
exf6+ Nxf6 16. Qg5 Nfd5 17. Nxd5 Nxd5 18. h6+ Kf7 19. Ne5+ 1-0

[Event "XII Open A"]
[Site "Bergamo ITA"]
[Date "2013.07.19"]
[Round "2"]
[White "Miracola, Massimiliano"]
[Black "Movileanu, Daniela"]
[WhiteElo "2128"]
[BlackElo "2030"]
[Result "1-0"]
[PlyCount "129"]
[EventDate "2013.07.19"]

1. g3 Nf6 2. Bg2 g6 3. e4 d6 4. d4 Bg7 5. Ne2 O-O 6. O-O c5 7. Nbc3 cxd4 8.
Nxd4 Ng4 9. h3 Ne5 10. Kh2 Nbc6 11. Nde2 Be6 12. f4 Nc4 13. f5 Bd7 14. Nf4 N6e5
15. Nfd5 Rc8 16. Nxe7+ Qxe7 17. f6 Qe6 18. Nd5 Nc6 19. fxg7 Kxg7 20. b3 Nb6 21.
Bb2+ Ne5 22. Rf6 Qe8 23. Rxd6 Bc6 24. Nf6 Qe7 25. Qd4 Rfe8 26. Ng4 Nbd7 27.
Rxd7 Qxd7 28. Qxd7 Bxd7 29. Bxe5+ f6 30. Bxf6+ Kf7 31. e5 Rxc2 32. Ne3 Re2 33.
Nc4 Bc6 34. Rg1 Ke6 35. Kh1 Bxg2+ 36. Rxg2 Rxg2 37. Kxg2 Rc8 38. a4 a6 39. a5
Rc5 40. Kf3 Rb5 41. Nd2 Rxa5 42. Ke4 Ra2 43. Nf3 Re2+ 44. Kd4 h6 45. Kc5 Rg2
46. Nd4+ Kf7 47. Bd8 Ke8 48. Bf6 Kf7 49. g4 Rg3 50. Bd8 Ke8 51. Bf6 Kf7 52. Bh8
Rxh3 53. Kd6 Rd3 54. e6+ Ke8 55. Kd5 Kd8 56. Bf6+ Ke8 57. Bg7 Rh3 58. Ke5 Ke7
59. Bf6+ Ke8 60. Bg7 b5 61. Kf6 h5 62. Kxg6 hxg4 63. Nf5 Rxb3 64. Bf6 Re3 65.
Nxe3 1-0

[Event "XII Open A"]
[Site "Bergamo ITA"]
[Date "2013.07.19"]
[Round "2"]
[White "Molina, Fabrizio"]
[Black "Siclari, Giovanni"]
[WhiteElo "2248"]
[BlackElo "2054"]
[Result "1-0"]
[PlyCount "79"]
[EventDate "2013.07.19"]

1. Nf3 Nf6 2. c4 b6 3. g3 c5 4. Bg2 Bb7 5. O-O g6 6. Nc3 Bg7 7. Re1 Nc6 8. d4
Nxd4 9. Nxd4 Bxg2 10. Kxg2 cxd4 11. Qxd4 d6 12. Qh4 h6 13. Bd2 Rc8 14. Rad1 Qd7
15. f3 Rc5 16. Qd4 O-O 17. Qd3 Qe6 18. b3 d5 19. cxd5 Nxd5 20. Ne4 Rcc8 21. Rc1
Rfd8 22. Qa6 f5 23. Nc5 Qf7 24. Nb7 Re8 25. Rxc8 Rxc8 26. Nd6 exd6 27. Qxc8+
Kh7 28. e4 fxe4 29. Rxe4 Be5 30. Qc6 h5 31. f4 Bg7 32. Qe8 Qb7 33. f5 Be5 34.
Qxg6+ Kh8 35. Qxh5+ Kg8 36. Qe8+ Kg7 37. Bh6+ Kh7 38. Qg6+ Kh8 39. Bg7+ Qxg7
40. Qe8+ 1-0

[Event "XII Open A"]
[Site "Bergamo ITA"]
[Date "2013.07.19"]
[Round "2"]
[White "Neuschmied, Siegfried"]
[Black "Simonetto, Adriano"]
[WhiteElo "2243"]
[BlackElo "2026"]
[Result "1-0"]
[PlyCount "77"]
[EventDate "2013.07.19"]

1. e4 e5 2. Nf3 Nc6 3. Bb5 Nf6 4. d3 Bc5 5. O-O d6 6. c3 a6 7. Ba4 O-O 8. Nbd2
Ba7 9. h3 b5 10. Bc2 d5 11. a4 dxe4 12. dxe4 Bb7 13. Re1 Qe7 14. Nb3 Nh5 15.
Be3 Bxe3 16. Rxe3 Nf4 17. Qf1 b4 18. a5 Rad8 19. Qc4 Qe6 20. Qxe6 Nxe6 21. Bd3
bxc3 22. bxc3 Rd6 23. Bc4 Bc8 24. Bd5 Ne7 25. Bc4 f6 26. Ne1 Rfd8 27. Nc2 Rc6
28. Bf1 Rcd6 29. Nb4 Kf8 30. Ree1 c5 31. Nc2 Bb7 32. Bc4 Bc8 33. Ne3 Nf4 34.
Nxc5 Rc6 35. Na4 Be6 36. Bf1 Rd2 37. Nb6 Rxc3 38. Bxa6 Bxh3 39. Bf1 1-0

[Event "XII Open A"]
[Site "Bergamo ITA"]
[Date "2013.07.19"]
[Round "2"]
[White "Pilgaard, Kim"]
[Black "Quaranta, Cristiano"]
[WhiteElo "2403"]
[BlackElo "2168"]
[Result "1-0"]
[PlyCount "81"]
[EventDate "2013.07.19"]

1. d4 Nf6 2. c4 c5 3. d5 b5 4. cxb5 a6 5. f3 g6 6. e4 Bg7 7. Na3 d6 8. Ne2 O-O
9. Nc3 Nbd7 10. Be2 axb5 11. Naxb5 Ba6 12. O-O Ne8 13. Bg5 Bxb5 14. Bxb5 Nc7
15. Be2 Ra7 16. Qd2 Nb6 17. Kh1 Na4 18. Nd1 Re8 19. Rc1 Qa8 20. b3 Nb6 21. a4
Na6 22. Bb5 Rd8 23. Ne3 Nb4 24. Rcd1 Rf8 25. Nc4 Nxc4 26. Bxc4 Qc8 27. Rfe1 Qd7
28. Re2 Bf6 29. Bh6 Rb8 30. h3 Qc7 31. Bf4 Bg7 32. Bg3 Rd8 33. Qc1 Qb7 34. Be1
Rb8 35. Bc3 Bxc3 36. Qxc3 f6 37. f4 Rf8 38. e5 fxe5 39. fxe5 Qc8 40. Qg3 Qd8
41. Rde1 1-0

[Event "XII Open A"]
[Site "Bergamo ITA"]
[Date "2013.07.19"]
[Round "2"]
[White "Ranfagni, Stefano"]
[Black "Messina, Enrico"]
[WhiteElo "2037"]
[BlackElo "2247"]
[Result "1/2-1/2"]
[PlyCount "155"]
[EventDate "2013.07.19"]

1. e4 c5 2. Nc3 a6 3. a4 e6 4. f4 d5 5. Nf3 Nc6 6. d3 Be7 7. g3 dxe4 8. Nxe4
Nf6 9. Be3 O-O 10. c3 b6 11. Nxf6+ Bxf6 12. Bg2 Bb7 13. O-O Rc8 14. Qe2 a5 15.
d4 cxd4 16. Rfd1 Qe7 17. Nxd4 Nxd4 18. Bxd4 Bxg2 19. Qxg2 Bxd4+ 20. Rxd4 Qc5
21. Qf2 g6 22. Rad1 Qc6 23. Qg2 Qc5 24. Qe4 h5 25. Kg2 b5 26. axb5 Qxb5 27.
R1d2 Rb8 28. Rd7 a4 29. Ra7 Rfd8 30. Rxd8+ Rxd8 31. Ra8 Qxb2+ 32. Kh3 Rxa8 33.
Qxa8+ Kg7 34. Qxa4 Qxc3 35. Qb5 Qf6 36. Kg2 Qd4 37. Qb8 Qd2+ 38. Kg1 Qe2 39.
Qd8 Qe3+ 40. Kg2 Qe4+ 41. Kg1 Qd5 42. Qb8 Kf6 43. Qc7 e5 44. fxe5+ Qxe5 45.
Qd8+ Kf5 46. Qd7+ Qe6 47. Qd3+ Qe4 48. Qd7+ Kf6 49. Qd8+ Kg7 50. Qc7 g5 51.
Qc3+ Kg6 52. Qh8 h4 53. Qg8+ Kf6 54. Qd8+ Qe7 55. Qd4+ Qe5 56. Qd8+ Kf5 57.
Qd3+ Kg4 58. Qd1+ Kf5 59. Qd3+ Qe4 60. Qd7+ Kg6 61. Qd8 Qe3+ 62. Kg2 Qe2+ 63.
Kg1 Qe1+ 64. Kg2 h3+ 65. Kf3 Qf1+ 66. Ke3 Qg1+ 67. Kf3 Qg2+ 68. Ke3 Qxh2 69.
Qg8+ Kf6 70. Qh8+ Kf5 71. Qc8+ Kf6 72. Qh8+ Ke7 73. Qe5+ Kd7 74. Qf5+ Ke8 75.
Qe5+ Kf8 76. Qh8+ Ke7 77. Qe5+ Kd7 78. Qf5+ 1/2-1/2

[Event "XII Open A"]
[Site "Bergamo ITA"]
[Date "2013.07.19"]
[Round "2"]
[White "Ventura, Salvatore"]
[Black "Zimina, Olga"]
[WhiteElo "2017"]
[BlackElo "2330"]
[Result "0-1"]
[PlyCount "142"]
[EventDate "2013.07.19"]

1. e4 e5 2. Nf3 Nc6 3. Bc4 Bc5 4. c3 Nf6 5. d4 exd4 6. e5 d5 7. Bb5 Ne4 8. cxd4
Bb6 9. Nc3 O-O 10. Be3 Ne7 11. Bd3 f5 12. exf6 Nxf6 13. Qc2 Nc6 14. a3 Bg4 15.
Ne2 Ne4 16. O-O-O Bf5 17. Ng3 Nxg3 18. hxg3 Qf6 19. g4 Bxd3 20. Qxd3 Qg6 21.
Qxg6 hxg6 22. Ng5 Nd8 23. Rh3 Re8 24. Nf3 Nf7 25. Nh4 Re6 26. Rdh1 Rae8 27. Nf3
Re4 28. Rg3 c6 29. Nd2 R4e6 30. Rgh3 Bd8 31. Kc2 Bf6 32. b3 Be7 33. b4 Nd6 34.
Rh8+ Kf7 35. Rxe8 Kxe8 36. Kd3 Kf7 37. Bf4 Ne4 38. Nxe4 Rxe4 39. g3 Bf6 40. Be3
Rxg4 41. Rh8 Re4 42. Rb8 Re7 43. a4 a6 44. Bf4 Ke6 45. g4 Rf7 46. Bg3 g5 47.
Ke3 Rd7 48. f3 Be7 49. Be1 Bd6 50. Re8+ Kf7 51. Rh8 Re7+ 52. Kf2 Bf4 53. Bc3
Re3 54. Bd2 Rb3 55. Bxf4 gxf4 56. Rb8 Rxb4 57. a5 Rb2+ 58. Ke1 g6 59. Rc8 Kf6
60. Rf8+ Kg5 61. Rf7 b6 62. Rb7 b5 63. Rb6 Rc2 64. Rxa6 Kh4 65. Rb6 Kg3 66. a6
Kxf3 67. a7 Ra2 68. Rxc6 Rxa7 69. Rxg6 Kg2 70. Rf6 f3 71. g5 Re7+ 0-1

[Event "XII Open A"]
[Site "Bergamo ITA"]
[Date "2013.07.20"]
[Round "3"]
[White "Bardone, Lorenzo"]
[Black "Miracola, Massimiliano"]
[WhiteElo "1988"]
[BlackElo "2128"]
[Result "0-1"]
[PlyCount "96"]
[EventDate "2013.07.19"]

1. e4 d6 2. d4 Nf6 3. Nc3 e5 4. dxe5 dxe5 5. Qxd8+ Kxd8 6. Bg5 c6 7. O-O-O+ Ke8
8. f4 Be7 9. Be2 h6 10. fxe5 hxg5 11. exf6 Bxf6 12. Nf3 Nd7 13. Nd4 g6 14. h3
Ne5 15. Rhf1 Ke7 16. Ndb5 g4 17. Nd6 gxh3 18. Nxc8+ Raxc8 19. gxh3 Rxh3 20. Rf2
Rch8 21. Rdf1 Bg5+ 22. Kb1 Be3 23. Rg2 Rh1 24. Rxh1 Rxh1+ 25. Nd1 Rg1 26. Rxg1
Bxg1 27. Kc1 Kf6 28. Kd2 Nd7 29. Ne3 Bxe3+ 30. Kxe3 Ke5 31. b4 Nf8 32. Bg4 f5
33. exf5 gxf5 34. Bf3 Ne6 35. b5 Nd4 36. bxc6 Nxc6 37. c3 Nd8 38. a4 b6 39. c4
Ne6 40. Bc6 f4+ 41. Kd3 Nc5+ 42. Kc3 a5 43. Bb5 Ke4 44. Kd2 Kd4 45. Ke2 Ne6 46.
Kf3 Ke5 47. Kf2 Nd4 48. Be8 Kd6 0-1

[Event "XII Open A"]
[Site "Bergamo ITA"]
[Date "2013.07.20"]
[Round "3"]
[White "Brunello, Sabino"]
[Black "Aghayev, Miragha"]
[WhiteElo "2593"]
[BlackElo "2299"]
[Result "1-0"]
[PlyCount "145"]
[EventDate "2013.07.19"]

1. c4 Nf6 2. d4 g6 3. Nf3 Bg7 4. g3 d5 5. cxd5 Nxd5 6. Bg2 Nb6 7. O-O Nc6 8. e3
O-O 9. Nc3 e5 10. d5 Na5 11. e4 c6 12. Bg5 f6 13. Be3 cxd5 14. Bxb6 Qxb6 15.
Nxd5 Qd8 16. b4 Nc6 17. Qb3 Rf7 18. Rfd1 Be6 19. h4 Bf8 20. a3 Bh6 21. Bf1 Kg7
22. Bc4 Rd7 23. Rd3 Bg4 24. Rad1 Bxf3 25. Rxf3 Rd6 26. Rfd3 Kh8 27. Kg2 Nd4 28.
Rxd4 exd4 29. Rxd4 Rc8 30. h5 a6 31. Qf3 f5 32. Bb3 fxe4 33. Rxe4 Qf8 34. Qe2
Rcd8 35. hxg6 hxg6 36. Re7 R6d7 37. Qe5+ Bg7 38. Qe6 Qf5 39. Re8+ Rxe8 40.
Qxe8+ Kh7 41. Ne3 Qb5 42. Bg8+ Kh6 43. Qe4 Bf6 44. Bc4 Qc6 45. Bd5 Qd6 46. Bxb7
Re7 47. Qf3 Kg7 48. Bd5 Rxe3 49. fxe3 a5 50. Qe4 axb4 51. axb4 Bc3 52. b5 Be5
53. g4 Kf6 54. Kf3 Bh2 55. Bb3 Qg3+ 56. Ke2 Kg5 57. Be6 Bg1 58. b6 Qf2+ 59. Kd3
Qf1+ 60. Kd4 Qd1+ 61. Kc5 Qc1+ 62. Kd6 Bxe3 63. Qd5+ Kh6 64. b7 Bf4+ 65. Ke7
Qc7+ 66. Bd7 Bg5+ 67. Kf7 Qf4+ 68. Kg8 Qb8+ 69. Bc8 Bf4 70. Kf7 Qc7+ 71. Bd7
Qc3 72. g5+ Kh5 73. Qd1+ 1-0

[Event "XII Open A"]
[Site "Bergamo ITA"]
[Date "2013.07.20"]
[Round "3"]
[White "Campini, Marco"]
[Black "Pilgaard, Kim"]
[WhiteElo "2072"]
[BlackElo "2403"]
[Result "0-1"]
[PlyCount "134"]
[EventDate "2013.07.19"]

1. e4 c5 2. Nc3 d6 3. f4 Nc6 4. Nf3 g6 5. Bc4 Bg7 6. Ng5 Nh6 7. h3 O-O 8. d3 e6
9. a3 a6 10. O-O b5 11. Bb3 Nd4 12. Ba2 a5 13. Rb1 b4 14. Ne2 Rb8 15. Be3 Bd7
16. Nf3 Nxf3+ 17. Rxf3 Bc6 18. axb4 axb4 19. g4 Kh8 20. Rg3 Ra8 21. Bb3 c4 22.
Bxc4 d5 23. exd5 exd5 24. Bb3 d4 25. Bf2 Qd6 26. Qd2 Rfe8 27. Kf1 Ra7 28. Ng1
f5 29. g5 Nf7 30. h4 Nd8 31. h5 gxh5 32. Qd1 Ne6 33. Bxe6 Rxe6 34. Qxh5 Be8 35.
Qh4 Rc7 36. g6 Bxg6 37. Nf3 Kg8 38. Ra1 Re8 39. Ne5 Rxc2 40. b3 Rc7 41. Rg1
Rec8 42. Nc4 Qf8 43. Ra5 Ra8 44. Rxa8 Qxa8 45. Qh1 Qxh1 46. Rxh1 Bf7 47. Rg1
Kf8 48. Ke2 Bh5+ 49. Kd2 Ra7 50. Kc2 Bg4 51. Bh4 Ra2+ 52. Nb2 Kf7 53. Kb1 Ra3
54. Kc2 h5 55. Bf2 Bf6 56. Rh1 Ra8 57. Bh4 Bxh4 58. Rxh4 Re8 59. Rh2 Re2+ 60.
Rxe2 Bxe2 61. Kd2 Bf3 62. Nc4 Ke6 63. Ke1 Bd5 64. Nd2 Kf6 65. Kf2 h4 66. Nf3
Bxb3 67. Nxd4 Ba4 0-1

[Event "XII Open A"]
[Site "Bergamo ITA"]
[Date "2013.07.20"]
[Round "3"]
[White "Cattaneo, Marco"]
[Black "Neuschmied, Siegfried"]
[WhiteElo "2079"]
[BlackElo "2243"]
[Result "0-1"]
[PlyCount "94"]
[EventDate "2013.07.19"]

1. d4 Nf6 2. Nf3 d6 3. c4 Nbd7 4. Nc3 e5 5. e4 c6 6. Be2 Be7 7. O-O O-O 8. Re1
a6 9. a4 a5 10. h3 Re8 11. Be3 exd4 12. Nxd4 Nc5 13. Bf3 Qb6 14. Qc2 Bf8 15.
Rad1 Be6 16. b3 h6 17. Kh1 Rad8 18. Kg1 Bc8 19. Kh1 g6 20. g4 Bg7 21. Bg2 h5
22. g5 Nfd7 23. Rb1 Qc7 24. Rbd1 Na6 25. f4 Nb4 26. Qb1 Nc5 27. f5 Be5 28. Nce2
b6 29. Nf3 Bb7 30. Nxe5 dxe5 31. Rf1 Rxd1 32. Rxd1 Rd8 33. Bf3 Rd6 34. Nc3 Bc8
35. Rxd6 Qxd6 36. Kg2 Nbd3 37. fxg6 fxg6 38. Kg3 Nf4 39. Bg2 Nxg2 40. Kxg2 Qd7
41. Qh1 Nxb3 42. Kg3 Nd4 43. Qf1 Qe6 44. Bxd4 exd4 45. Ne2 Qxe4 46. Qf6 Qe3+
47. Kh4 Qxh3# 0-1

[Event "XII Open A"]
[Site "Bergamo ITA"]
[Date "2013.07.20"]
[Round "3"]
[White "Elitropi, Giorgio"]
[Black "De Palma, Fabrizio"]
[WhiteElo "2005"]
[BlackElo "2136"]
[Result "0-1"]
[PlyCount "64"]
[EventDate "2013.07.19"]

1. f4 g6 2. Nf3 Bg7 3. g3 c5 4. Bg2 Nc6 5. d3 d5 6. c3 Nf6 7. O-O O-O 8. Na3
Rb8 9. Ne5 Nxe5 10. fxe5 Ne8 11. d4 Be6 12. Bf4 cxd4 13. cxd4 Nc7 14. Qd2 Qd7
15. Rac1 Rfc8 16. Qa5 Ra8 17. Qb4 b6 18. Rfe1 h6 19. h4 f6 20. Qd2 g5 21. exf6
exf6 22. hxg5 hxg5 23. Bxc7 Rxc7 24. Rxc7 Qxc7 25. Qe3 Qd7 26. Rc1 Re8 27. Qb3
Bf7 28. e3 Qe6 29. Kf2 f5 30. Rc7 f4 31. Nc2 fxe3+ 32. Ke1 Qg4 0-1

[Event "XII Open A"]
[Site "Bergamo ITA"]
[Date "2013.07.20"]
[Round "3"]
[White "Ficco, Corrado"]
[Black "Castrogiovanni, Carlo"]
[WhiteElo "2092"]
[BlackElo "2014"]
[Result "1/2-1/2"]
[PlyCount "96"]
[EventDate "2013.07.19"]

1. c4 e5 2. Nc3 Nf6 3. Nf3 Nc6 4. g3 d5 5. cxd5 Nxd5 6. Bg2 Nb6 7. O-O Be7 8.
a3 Be6 9. b4 f6 10. d3 Rb8 11. Be3 O-O 12. Na4 Nxa4 13. Qxa4 a6 14. Rfc1 Qd7
15. Nd2 Bd5 16. Ne4 Rfd8 17. Qd1 Nd4 18. Bxd4 exd4 19. Nc5 Bxc5 20. Rxc5 Bxg2
21. Kxg2 c6 22. Rac1 Re8 23. Qb3+ Qe6 24. Qxe6+ Rxe6 25. Kf3 Rbe8 26. R1c2 Kf7
27. a4 g5 28. g4 Re5 29. h3 Ke6 30. Rxe5+ Kxe5 31. Rc5+ Kd6 32. Rf5 Re6 33. h4
h6 34. h5 Ke7 35. a5 Rd6 36. Rc5 Ke6 37. Ke4 Ke7 38. Rc4 Re6+ 39. Kxd4 Rxe2 40.
Kc5 Rxf2 41. Kb6 f5 42. Kxb7 Rf4 43. Rxc6 Rxb4+ 44. Rb6 Rxg4 45. Rxh6 f4 46.
Rc6 f3 47. Rc1 Rh4 48. Kxa6 Rxh5 1/2-1/2